[Event "Chigorin Memorial 2018"]
[Site "St. Petersburg"]
[Date "2018.10.30"]
[Round "4.35"]
[White "Yagupov, Igor"]
[Black "Tsaruk, Maksim"]
[Result "1/2-1/2"]
[WhiteElo "2403"]
[BlackElo "2215"]
[PlyCount "232"]
[EventDate "2018.10.27"]
[EventType "swiss"]
[EventCountry "RUS"]
[WhiteTeam "Russland"]
[BlackTeam "Weißrussland"]
[WhiteTeamCountry "RUS"]
[BlackTeamCountry "BLR"]

1. e4 e5 2. Nf3 Nc6 3. Bb5 a6 4. Ba4 b5 5. Bb3 g6 6. a4 b4 7. d3 Bg7 8. a5 Nge7 9. Nbd2 O-O 10. O-O h6 11. Re1 Kh7 12. Nf1 d6 13. Ng3 Rb8 14. Bc4 f5 15. exf5 Nxf5 16. Nxf5 Bxf5 17. Bd5 Nxa5 18. Be4 Nb7 19. d4 Bxe4 20. Rxe4 exd4 21. Nxd4 Qd7 22. Nb3 a5 23. Nxa5 Nc5 24. Rh4 Qf5 25. Rf4 Qe6 26. Nc6 Rbe8 27. g3 Qe1+ 28. Qxe1 Rxe1+ 29. Kg2 Rxf4 30. gxf4 b3 31. Nb4 bxc2 32. Nxc2 Re2 33. Nb4 Nb3 34. Ra7 Nxc1 35. Rxc7 Nb3 36. Nd5 Re6 37. Rb7 Nd4 38. b4 g5 39. b5 gxf4 40. Nxf4 Re5 41. b6 Rb5 42. h4 h5 43. Rd7 Rxb6 44. Nxh5 Ne6 45. Nf6+ Kg6 46. Nd5 Rb5 47. Rxd6 Rxd5 48. Rxe6+ Bf6 49. Re4 Rd2 50. Kg3 Kf5 51. Rf4+ Kg6 52. Kg4 Bd4 53. h5+ Kh6 54. Re4 Bxf2 55. Re6+ Kg7 56. Rg6+ Kh7 57. Rc6 Rd4+ 58. Kf3 Bh4 59. Ra6 Bg5 60. Rg6 Bd2 61. Rg4 Rd5 62. Rg2 Bg5 63. Rh2 Kh6 64. Ke4 Ra5 65. Rh1 Bh4 66. Kf4 Kxh5 67. Rh3 Ra8 68. Rb3 Rf8+ 69. Ke4 Kg4 70. Rb5 Bg3 71. Rc5 Re8+ 72. Kd5 Kf5 73. Kd4+ Be5+ 74. Kd5 Rd8+ 75. Kc4 Ke4 76. Rc6 Rd1 77. Rc5 Bd6 78. Rc6 Ke5 79. Kb3 Kd5 80. Kc2 Rh1 81. Rc3 Be5 82. Rd3+ Kc4 83. Rd2 Ra1 84. Re2 Bd4 85. Kd2 Ra3 86. Kc2 Be3 87. Kb2 Rb3+ 88. Kc2 Rc3+ 89. Kb2 Bc1+ 90. Kb1 Kd3 91. Ra2 Ba3 92. Rh2 Rc1+ 93. Ka2 Bc5 94. Kb3 Rb1+ 95. Rb2 Rh1 96. Ka4 Rh8 97. Rb3+ Kc4 98. Rb4+ Kd5 99. Rb1 Rh3 100. Rb3 Rh4+ 101. Kb5 Rh8 102. Rd3+ Bd4 103. Rb3 Rc8 104. Kb4 Rc2 105. Rd3 Rc4+ 106. Kb5 Rc1 107. Kb4 Rc8 108. Rb3 Rc7 109. Kb5 Bc3 110. Kb6 Rc6+ 111. Kb7 Bd4 112. Rb5+ Bc5 113. Rb1 Rh6 114. Rd1+ Bd4 115. Rd2 Rh7+ 116. Kc8 Kc5 1/2-1/2

[Event "Chigorin Memorial 2018"]
[Site "St. Petersburg"]
[Date "2018.10.30"]
[Round "4.36"]
[White "Nandhidhaa, P V"]
[Black "Rohith Krishna S"]
[Result "1-0"]
[WhiteElo "2212"]
[BlackElo "2403"]
[PlyCount "147"]
[EventDate "2018.10.27"]
[EventType "swiss"]
[EventCountry "RUS"]
[WhiteTeam "Indien"]
[BlackTeam "Indien"]
[WhiteTeamCountry "IND"]
[BlackTeamCountry "IND"]

1. Nf3 Nf6 2. g3 g6 3. Bg2 Bg7 4. O-O O-O 5. d4 d5 6. c3 b6 7. c4 e6 8. Nc3 Bb7 9. Ne5 Nbd7 10. Qa4 Nxe5 11. dxe5 Ne4 12. Nxe4 dxe4 13. c5 Qd5 14. Bf4 Qxc5 15. Rac1 Qe7 16. Bxe4 Bd5 17. Rfd1 Rfd8 18. h4 Qd7 19. Qxd7 Rxd7 20. Bc2 c5 21. Rd2 Rc7 22. Rcd1 Rac8 23. e4 Bc6 24. Rd8+ Bf8 25. Bh6 Be8 26. Bg5 h6 27. Bxh6 Bxh6 28. Ba4 Kf8 29. Bxe8 Rxd8 30. Rxd8 Bc1 31. Bb5+ Kg7 32. b3 Bb2 33. f4 a6 34. Bxa6 Ra7 35. Bc4 Rxa2 36. Rd7 Kf8 37. Rb7 Bd4+ 38. Kh1 Bc3 39. Rxb6 Be1 40. f5 gxf5 41. exf5 exf5 42. Rf6 Ra7 43. Kg2 Bc3 44. Rxf5 Kg7 45. e6 fxe6 46. Bxe6 Bd4 47. Bc4 Re7 48. Kh3 Kg6 49. Rf3 Re1 50. Kg4 Re4+ 51. Rf4 Re3 52. Bd5 Kh6 53. Rf3 Re5 54. Rf6+ Kg7 55. Rf5 Re3 56. Kf4 Re1 57. Kg5 Re7 58. g4 Bc3 59. Kh5 Kh8 60. g5 Bg7 61. Bc4 Bd4 62. Rf8+ Kh7 63. Rf7+ Rxf7 64. Bxf7 Kg7 65. Bc4 Bf2 66. Kg4 Be3 67. h5 Kh7 68. h6 Kg6 69. Bd3+ Kf7 70. Kh5 Kg8 71. g6 Bd4 72. g7 Bxg7 73. hxg7 Kxg7 74. Kg5 1-0

[Event "Chigorin Memorial 2018"]
[Site "St. Petersburg"]
[Date "2018.10.30"]
[Round "4.37"]
[White "Pesotskiy, Mikhail"]
[Black "Apryshko, Gleb"]
[Result "1-0"]
[WhiteElo "2205"]
[BlackElo "2399"]
[PlyCount "59"]
[EventDate "2018.10.27"]
[EventType "swiss"]
[EventCountry "RUS"]
[WhiteTeam "Russland"]
[BlackTeam "Russland"]
[WhiteTeamCountry "RUS"]
[BlackTeamCountry "RUS"]

1. d4 g6 2. c4 Bg7 3. Nf3 d6 4. g3 Nf6 5. Bg2 O-O 6. O-O Nbd7 7. Nc3 e5 8. e4 c6 9. h3 Qa5 10. Qc2 exd4 11. Nxd4 Nb6 12. b3 Qh5 13. Nde2 d5 14. Nf4 Qe5 15. Nd3 Qh5 16. Nf4 Qe5 17. Nd3 Qe7 18. exd5 cxd5 19. c5 Ne4 20. Bb2 Bf5 21. g4 Be6 22. Nxe4 Bxb2 23. Nxb2 Rac8 24. Qd2 Nd7 25. Nc3 Rxc5 26. Nxd5 Bxd5 27. Bxd5 Ne5 28. Bg2 Rd8 29. Qe3 Qc7 30. Rac1 1-0

[Event "Chigorin Memorial 2018"]
[Site "St. Petersburg"]
[Date "2018.10.30"]
[Round "4.38"]
[White "Timerkhanov, Alexander"]
[Black "Chibukhchyan, Erik"]
[Result "1/2-1/2"]
[WhiteElo "2398"]
[BlackElo "2200"]
[PlyCount "55"]
[EventDate "2018.10.27"]
[EventType "swiss"]
[EventCountry "RUS"]
[WhiteTeam "Russland"]
[BlackTeam "Russland"]
[WhiteTeamCountry "RUS"]
[BlackTeamCountry "RUS"]

1. d4 Nf6 2. Bg5 e6 3. Nd2 d5 4. e3 c5 5. c3 Be7 6. Bd3 Nbd7 7. f4 b6 8. Ngf3 Bb7 9. Ne5 O-O 10. O-O Ne4 11. Bxe7 Qxe7 12. Nxd7 Qxd7 13. Bxe4 dxe4 14. Re1 Rac8 15. Nf1 Rfd8 16. Qe2 Qa4 17. Qf2 Ba6 18. f5 exf5 19. Qxf5 Qc2 20. Ng3 cxd4 21. exd4 Qxb2 22. Qg4 Qxc3 23. Nf5 g6 24. Nh6+ Kg7 25. Nf5+ Kg8 26. Nh6+ Kg7 27. Nf5+ Kg8 28. Nh6+ 1/2-1/2

[Event "Chigorin Memorial 2018"]
[Site "St. Petersburg"]
[Date "2018.10.30"]
[Round "4.39"]
[White "Eynullayev, Altay"]
[Black "Pershin, Denis"]
[Result "0-1"]
[WhiteElo "2180"]
[BlackElo "2397"]
[PlyCount "118"]
[EventDate "2018.10.27"]
[EventType "swiss"]
[EventCountry "RUS"]
[WhiteTeam "Aserbeidschan"]
[BlackTeam "Russland"]
[WhiteTeamCountry "AZE"]
[BlackTeamCountry "RUS"]

1. d4 d5 2. c4 c6 3. Nf3 Nf6 4. g3 dxc4 5. Bg2 g6 6. O-O Bg7 7. Ne5 Ng4 8. Nf3 b5 9. a4 Bb7 10. Nc3 a6 11. h3 Nf6 12. Ne5 Nd5 13. Ne4 f6 14. Nf3 Nd7 15. b3 c3 16. Ne1 Qb6 17. a5 Qa7 18. e3 f5 19. Ng5 Bf6 20. Nef3 h6 21. Ne6 Kf7 22. Nf4 Rhd8 23. Qc2 Nxf4 24. gxf4 c5 25. Ne5+ Bxe5 26. dxe5 Bxg2 27. Kxg2 Qb7+ 28. f3 b4 29. e4 fxe4 30. fxe4 c4 31. Kh2 Nc5 32. e6+ Kg7 33. f5 Qxe4 34. f6+ exf6 35. Qf2 Nxe6 36. Qxf6+ Kg8 37. Qf7+ Kh8 38. Qf6+ Kg8 39. Qf7+ Kh8 40. Qf6+ Ng7 41. Bxh6 Rd2+ 42. Bxd2 cxd2 43. bxc4 Re8 44. Rad1 Qd3 45. Rf2 Re2 46. Kg2 Kh7 47. Qf3 Re3 48. Rfxd2 Qc3 49. Qg4 Nh5 50. Kh2 Qe5+ 51. Kh1 Re1+ 52. Kg2 Nf4+ 53. Kh2 Nd5+ 54. Qg3 Re2+ 55. Rxe2 Qxe2+ 56. Qg2 Qxg2+ 57. Kxg2 Ne3+ 58. Kf3 Nxd1 59. c5 b3 0-1

[Event "Chigorin Memorial 2018"]
[Site "St. Petersburg"]
[Date "2018.10.30"]
[Round "4.40"]
[White "Kukhmazov, Arsen"]
[Black "Pierecker, Markus"]
[Result "0-1"]
[WhiteElo "2395"]
[BlackElo "2180"]
[PlyCount "94"]
[EventDate "2018.10.27"]
[EventType "swiss"]
[EventCountry "RUS"]
[WhiteTeam "Russland"]
[BlackTeam "Österreich"]
[WhiteTeamCountry "RUS"]
[BlackTeamCountry "AUT"]

1. d4 Nf6 2. c4 e6 3. Nf3 d5 4. Nc3 Bb4 5. Bg5 dxc4 6. e4 c5 7. Bxc4 cxd4 8. Nxd4 Bxc3+ 9. bxc3 Qa5 10. Bxf6 Qxc3+ 11. Kf1 gxf6 12. Rc1 Qb4 13. h4 Ke7 14. Rh3 Nc6 15. Nxc6+ bxc6 16. Rd3 Qa5 17. Kg1 Rd8 18. Rxd8 Qxd8 19. Qh5 Qd4 20. Be2 Bd7 21. Rd1 Qxe4 22. Qc5+ Ke8 23. Bh5 Rd8 24. Qxa7 Qxh4 25. Bxf7+ Ke7 26. Qc7 Qa4 27. Re1 Qb4 28. Re3 Qb1+ 29. Kh2 Qb8 30. Qxb8 Rxb8 31. Bh5 Rb2 32. Re2 Rxe2 33. Bxe2 c5 34. Kg1 Kd6 35. Kf1 Kd5 36. Ke1 Kd4 37. Kd2 e5 38. Bd1 c4 39. Bc2 e4 40. a4 f5 41. a5 Bb5 42. Bd1 f4 43. Bg4 e3+ 44. fxe3+ fxe3+ 45. Kd1 c3 46. Bf5 e2+ 47. Ke1 Bd3 0-1

[Event "Chigorin Memorial 2018"]
[Site "St. Petersburg"]
[Date "2018.10.30"]
[Round "4.41"]
[White "Popov, Mikhail"]
[Black "Azimov, Ilyas"]
[Result "1/2-1/2"]
[WhiteElo "2394"]
[BlackElo "2162"]
[PlyCount "148"]
[EventDate "2018.10.27"]
[EventType "swiss"]
[EventCountry "RUS"]
[WhiteTeam "Russland"]
[BlackTeam "Russland"]
[WhiteTeamCountry "RUS"]
[BlackTeamCountry "RUS"]

1. e4 c5 2. Nf3 d6 3. c3 Nf6 4. h3 Nbd7 5. Bd3 b6 6. O-O Bb7 7. Re1 Qc7 8. Bc2 e6 9. d4 Rc8 10. d5 e5 11. c4 Be7 12. Nc3 O-O 13. Ne2 a6 14. a4 Rb8 15. b3 Bc8 16. Ng3 Re8 17. Nf5 a5 18. g3 Bd8 19. Kg2 Nf8 20. Bb2 g6 21. Ne3 Nh5 22. Ng4 Nf6 23. Nh6+ Kg7 24. Qd2 Ng8 25. Bc1 Nxh6 26. Qxh6+ Kg8 27. h4 Bf6 28. h5 Bg7 29. Qd2 Rb7 30. Rh1 Qd8 31. Qc3 f6 32. hxg6 hxg6 33. Bh6 Bxh6 34. Rxh6 Ree7 35. Rah1 Rh7 36. Qe1 Rxh6 37. Rxh6 Rh7 38. Rxh7 Nxh7 39. Qh1 Kg7 40. Qh4 Bd7 41. Nh2 Nf8 42. Bd1 Qe8 43. Bg4 Qf7 44. Bxd7 Nxd7 45. Ng4 Kf8 46. Qh8+ Qg8 47. Qh3 Qg7 48. Nh6 Ke8 49. Qe6+ Qe7 50. Qg4 Qh7 51. Qe6+ Qe7 52. Ng8 Qxe6 53. dxe6 Nb8 54. Nxf6+ Ke7 55. Nd5+ Kxe6 56. Nxb6 Nc6 57. Kf3 Nd4+ 58. Ke3 g5 59. Nd5 Nxb3 60. Nc7+ Kd7 61. Nb5 Nd4 62. Nc3 Ke6 63. Kd3 Nc6 64. Nb1 Nd4 65. Nd2 Kf6 66. Nf1 Ke6 67. Ne3 Kf6 68. Nd5+ Ke6 69. Ke3 Nb3 70. Kd3 Nd4 71. Nc3 Kf6 72. Nb5 Ke6 73. Nc3 Kf6 74. Nb5 Ke6 1/2-1/2

[Event "Chigorin Memorial 2018"]
[Site "St. Petersburg"]
[Date "2018.10.30"]
[Round "4.42"]
[White "Nikitenko, Mihail"]
[Black "Pujari, Rucha"]
[Result "1-0"]
[WhiteElo "2389"]
[BlackElo "2160"]
[PlyCount "193"]
[EventDate "2018.10.27"]
[EventType "swiss"]
[EventCountry "RUS"]
[WhiteTeam "Weißrussland"]
[BlackTeam "Indien"]
[WhiteTeamCountry "BLR"]
[BlackTeamCountry "IND"]

1. c4 e6 2. Nf3 d5 3. g3 Nf6 4. Bg2 Be7 5. O-O O-O 6. b3 c5 7. Bb2 Nc6 8. e3 b6 9. Qe2 Bb7 10. d3 Qc7 11. Nc3 dxc4 12. bxc4 Rad8 13. Rfd1 Rfe8 14. Rac1 Qb8 15. a3 Bf8 16. Nb1 e5 17. Nbd2 h6 18. h3 Qa8 19. Kh2 Bd6 20. Nh4 Ne7 21. f4 Bxg2 22. fxe5 Ng6 23. exd6 Nxh4 24. gxh4 Bc6 25. Bxf6 Rxd6 26. Bxg7 Rg6 27. e4 Qb8+ 28. Kh1 Qg3 29. Rg1 Qxh3+ 30. Qh2 Qxh2+ 31. Kxh2 Kxg7 32. Rgf1 Rf6 33. Nf3 Rd8 34. Ne5 Rxf1 35. Rxf1 Be8 36. Rg1+ Kf8 37. Rg3 Ke7 38. Kg2 Ke6 39. Ng4 Ba4 40. Nf2 a6 41. Rf3 Bc2 42. Kf1 b5 43. cxb5 axb5 44. Ke2 b4 45. Kd2 Ba4 46. axb4 cxb4 47. Ng4 b3 48. Rf6+ Ke7 49. Rb6 Rg8 50. Ne3 Rg1 51. Rb4 Ra1 52. Nd5+ Kf8 53. Ke3 Bd7 54. Rxb3 Rh1 55. e5 Rh3+ 56. Kf2 Be6 57. Rb8+ Kg7 58. Nf6 Kg6 59. Rb4 Kf5 60. Re4 Bc8 61. Nd5 Bb7 62. Ne3+ Ke6 63. Rb4 Bc6 64. d4 h5 65. Rb6 Kd7 66. d5 Bxd5 67. Nxd5 Rxh4 68. Rd6+ Ke8 69. Ke3 Rh1 70. Ke4 h4 71. Kf5 Rf1+ 72. Nf4 Ke7 73. Rh6 Rh1 74. Rh7 Ke8 75. Kf6 Re1 76. Rxh4 Re4 77. Ng6 Re1 78. Rh8+ Kd7 79. Kxf7 Rf1+ 80. Kg7 Ke6 81. Re8+ Kd7 82. Re7+ Kd8 83. Ra7 Re1 84. Kf6 Rf1+ 85. Ke6 Rb1 86. Ra8+ Kc7 87. Ke7 Rg1 88. Nf8 Rg7+ 89. Kf6 Rg1 90. e6 Rf1+ 91. Ke7 Rd1 92. Kf7 Rf1+ 93. Ke8 Kb7 94. Ra2 Kc7 95. e7 Kc8 96. Rc2+ Kb8 97. Kd8 1-0

[Event "Chigorin Memorial 2018"]
[Site "St. Petersburg"]
[Date "2018.10.30"]
[Round "4.43"]
[White "Semenenko, Sergey"]
[Black "Brikov, Illarion"]
[Result "1/2-1/2"]
[WhiteElo "2157"]
[BlackElo "2371"]
[PlyCount "156"]
[EventDate "2018.10.27"]
[EventType "swiss"]
[EventCountry "RUS"]
[WhiteTeam "Russland"]
[BlackTeam "Russland"]
[WhiteTeamCountry "RUS"]
[BlackTeamCountry "RUS"]

1. d4 d5 2. c4 Nc6 3. Nc3 dxc4 4. d5 Ne5 5. f4 Nd7 6. e4 Nb6 7. a4 a5 8. Be3 e6 9. Bxb6 cxb6 10. dxe6 Bxe6 11. Qxd8+ Rxd8 12. f5 Bd7 13. Bxc4 Bb4 14. Nge2 Nf6 15. O-O-O Rc8 16. b3 Bc6 17. e5 Ne4 18. Nxe4 Bxe4 19. Ng3 Ba3+ 20. Kd2 Bxg2 21. Rhg1 Bf3 22. Ne2 Be4 23. Ng3 Bc6 24. Nh5 g6 25. Ng7+ Kf8 26. f6 Bb4+ 27. Kc2 Rg8 28. Kb2 Rxg7 29. fxg7+ Kxg7 30. Rgf1 Rc7 31. e6 fxe6 32. Bxe6 b5 33. axb5 Bxb5 34. Bc4 Bxc4 35. bxc4 a4 36. Ra1 a3+ 37. Kb3 Bc5 38. Rad1 b6 39. h3 Ra7 40. Rd2 Re7 41. Rfd1 h5 42. Rd7 Kh6 43. Rxe7 Bxe7 44. Re1 Bc5 45. h4 Kg7 46. Re5 Kf6 47. Rd5 Kf7 48. Rd2 Be7 49. Rd4 Ke6 50. Re4+ Kf6 51. Ka2 Bc5 52. Rf4+ Ke5 53. Rf7 Ke6 54. Rf4 Ke5 55. Rf7 Ke6 56. Rf4 Be7 57. Re4+ Kf6 58. Kb3 Bd6 59. Rd4 Ke6 60. Rd5 Bc5 61. Rg5 Kf7 62. Rg3 Be7 63. Rf3+ Kg7 64. Rf4 Bd6 65. Rf3 Bc5 66. Ka2 Kh6 67. Kb3 Be7 68. Rf4 Kg7 69. Ka2 g5 70. Re4 Bc5 71. Re5 gxh4 72. Rxh5 Be7 73. Re5 Bd6 74. Rh5 Be7 75. Re5 Kf6 76. Re4 Kf7 77. Re5 Bf6 78. Rb5 Bd4 1/2-1/2

[Event "Chigorin Memorial 2018"]
[Site "St. Petersburg"]
[Date "2018.10.30"]
[Round "4.44"]
[White "Schekachikhin, Maksim"]
[Black "Kavyev, Ruslan"]
[Result "1-0"]
[WhiteElo "2370"]
[BlackElo "2145"]
[PlyCount "39"]
[EventDate "2018.10.27"]
[EventType "swiss"]
[EventCountry "RUS"]
[WhiteTeam "Russland"]
[BlackTeam "Russland"]
[WhiteTeamCountry "RUS"]
[BlackTeamCountry "RUS"]

1. d4 Nf6 2. c4 g6 3. Nc3 d5 4. cxd5 Nxd5 5. e4 Nxc3 6. bxc3 Bg7 7. Nf3 c5 8. Rb1 O-O 9. Be2 Nc6 10. d5 Bxc3+ 11. Bd2 Bxd2+ 12. Qxd2 Nb8 13. h4 h5 14. Qh6 Qa5+ 15. Kf1 Qc3 16. e5 Qc2 17. Rc1 Qb2 18. Re1 f6 19. Qxg6+ Kh8 20. Bd3 1-0

[Event "Chigorin Memorial 2018"]
[Site "St. Petersburg"]
[Date "2018.10.30"]
[Round "4.45"]
[White "Zhuravlev, Stepan"]
[Black "Vdovin, Vadim"]
[Result "1/2-1/2"]
[WhiteElo "2114"]
[BlackElo "2369"]
[PlyCount "61"]
[EventDate "2018.10.27"]
[EventType "swiss"]
[EventCountry "RUS"]
[WhiteTeam "Russland"]
[BlackTeam "Russland"]
[WhiteTeamCountry "RUS"]
[BlackTeamCountry "RUS"]

1. d4 Nf6 2. c4 g6 3. f3 c5 4. d5 d6 5. e4 Bg7 6. Nc3 a6 7. a4 e6 8. Bd3 exd5 9. exd5 O-O 10. Nge2 Nbd7 11. b3 Nh5 12. O-O Re8 13. Ra2 f5 14. g3 Ne5 15. Qc2 Bd7 16. Nf4 Nxf4 17. Bxf4 Qf6 18. Ne2 Re7 19. Bd2 Rae8 20. Rf2 g5 21. f4 Ng4 22. fxg5 Qf7 23. Rg2 Ne3 24. Bxe3 Rxe3 25. Rf2 Qh5 26. Kg2 Qxg5 27. Nf4 Bd4 28. Ne2 Bg7 29. Nf4 Bd4 30. Ne2 Bg7 31. Nf4 1/2-1/2

[Event "Chigorin Memorial 2018"]
[Site "St. Petersburg"]
[Date "2018.10.30"]
[Round "4.46"]
[White "Makarian, Rudik"]
[Black "Vasiliev, Georgiy"]
[Result "1-0"]
[WhiteElo "2366"]
[BlackElo "2124"]
[PlyCount "33"]
[EventDate "2018.10.27"]
[EventType "swiss"]
[EventCountry "RUS"]
[WhiteTeam "Russland"]
[BlackTeam "Russland"]
[WhiteTeamCountry "RUS"]
[BlackTeamCountry "RUS"]

1. c4 c6 2. e4 d5 3. exd5 cxd5 4. d4 Nf6 5. Nc3 e6 6. Nf3 Bb4 7. Bd3 O-O 8. O-O dxc4 9. Bxc4 b6 10. Bg5 Bb7 11. Qe2 Be7 12. Rfd1 Re8 13. Ne5 Nd5 14. Be3 a6 15. Qh5 g6 16. Qh3 Nc6 17. Nxf7 1-0

[Event "Chigorin Memorial 2018"]
[Site "St. Petersburg"]
[Date "2018.10.30"]
[Round "4.47"]
[White "Yatzenko, Anton"]
[Black "Ismagilov, Damir"]
[Result "1-0"]
[WhiteElo "2351"]
[BlackElo "2116"]
[PlyCount "103"]
[EventDate "2018.10.27"]
[EventType "swiss"]
[EventCountry "RUS"]
[WhiteTeam "Russland"]
[BlackTeam "Russland"]
[WhiteTeamCountry "RUS"]
[BlackTeamCountry "RUS"]

1. e4 c5 2. Nf3 Nc6 3. d4 cxd4 4. Nxd4 Nf6 5. Nc3 e6 6. Ndb5 Bc5 7. Nd6+ Ke7 8. Bf4 e5 9. Nf5+ Kf8 10. Bg5 d6 11. Ne3 h6 12. Bh4 g5 13. Bg3 Kg7 14. Bd3 Be6 15. Ncd5 Bxd5 16. exd5 Ne7 17. Nf5+ Nxf5 18. Bxf5 Ng8 19. Qd3 Ne7 20. O-O-O Nxf5 21. Qxf5 Qc8 22. Qd3 f5 23. f3 f4 24. Be1 Be3+ 25. Kb1 Qd7 26. g3 Rac8 27. gxf4 Bxf4 28. h4 Kf6 29. Bb4 b6 30. Qa3 Ke7 31. Qa6 Kf6 32. Rdg1 Ke7 33. Rg2 Kf6 34. a4 Rcg8 35. Bd2 Qf7 36. Qd3 Ke7 37. a5 gxh4 38. Rxg8 Rxg8 39. Bxf4 Qxf4 40. Qh7+ Qf7 41. Qxh6 Qxd5 42. Qxh4+ Ke8 43. Qh7 Qf7 44. Qe4 bxa5 45. Qc6+ Ke7 46. Qc7+ Ke6 47. Qc4+ Kf6 48. Rh6+ Rg6 49. Qh4+ Ke6 50. Rh7 Qf6 51. Qc4+ Kf5 52. Rf7 1-0

[Event "Chigorin Memorial 2018"]
[Site "St. Petersburg"]
[Date "2018.10.30"]
[Round "4.48"]
[White "Manin, Viktor"]
[Black "Naboka, Sergey"]
[Result "1-0"]
[WhiteElo "2100"]
[BlackElo "2345"]
[PlyCount "101"]
[EventDate "2018.10.27"]
[EventType "swiss"]
[EventCountry "RUS"]
[WhiteTeam "Usbekistan"]
[BlackTeam "Ukraine"]
[WhiteTeamCountry "UZB"]
[BlackTeamCountry "UKR"]

1. d4 f5 2. Nf3 Nf6 3. g3 g6 4. Bg2 Bg7 5. O-O O-O 6. c4 d6 7. Nc3 Qe8 8. Nb5 Na6 9. b3 c6 10. Nc3 e5 11. dxe5 dxe5 12. Ba3 Rf7 13. e4 f4 14. Qc2 Bg4 15. Rad1 Nc7 16. Rd3 Bxf3 17. Rxf3 Ne6 18. Ne2 Ng5 19. Rc3 Qe6 20. f3 Rd8 21. Rd3 Rxd3 22. Qxd3 Rd7 23. Qc2 Qf7 24. Rd1 Ne8 25. Rd3 Ne6 26. Bh3 N8c7 27. Bd6 Nd4 28. Rxd4 exd4 29. Bxd7 Qxd7 30. c5 fxg3 31. hxg3 Nb5 32. Qc4+ Qf7 33. Nf4 Qxc4 34. bxc4 Na3 35. Nd3 Nxc4 36. Bb8 a5 37. a4 Kf7 38. Kf2 Ke6 39. Ke2 Be5 40. Bxe5 Nxe5 41. Nxe5 Kxe5 42. Kd3 g5 43. g4 Kf6 44. Kxd4 Ke6 45. e5 Kf7 46. Ke3 Kg7 47. f4 gxf4+ 48. Kxf4 Kg6 49. g5 Kf7 50. Kf5 Ke7 51. e6 1-0

[Event "Chigorin Memorial 2018"]
[Site "St. Petersburg"]
[Date "2018.10.30"]
[Round "4.50"]
[White "Smirnov, Timofey"]
[Black "Yaroslavtsev, Artem"]
[Result "1-0"]
[WhiteElo "2332"]
[BlackElo "2097"]
[PlyCount "103"]
[EventDate "2018.10.27"]
[EventType "swiss"]
[EventCountry "RUS"]
[WhiteTeam "Russland"]
[BlackTeam "Russland"]
[WhiteTeamCountry "RUS"]
[BlackTeamCountry "RUS"]

1. e4 e5 2. Nf3 Nc6 3. Bc4 Bc5 4. c3 Nf6 5. d3 O-O 6. O-O d6 7. b4 Bb6 8. a4 a6 9. Na3 h6 10. Bb3 Be6 11. Nc4 Ba7 12. Ba3 b5 13. Ncd2 d5 14. Qc2 dxe4 15. dxe4 Bxb3 16. Nxb3 Qe7 17. Qe2 Qe6 18. Nbd2 Rab8 19. axb5 axb5 20. Bb2 Rfd8 21. g3 Qg4 22. Rfe1 Rd7 23. Qf1 Rbd8 24. Bc1 Rd3 25. Rxa7 Rxf3 26. Nxf3 Nxa7 27. Nxe5 Qh5 28. f4 Nc8 29. Nf3 Nb6 30. Be3 Nc4 31. Bd4 Ra8 32. Qe2 Nd7 33. e5 Nf8 34. Bc5 Ne6 35. Nd4 Qxe2 36. Rxe2 Ra1+ 37. Kg2 Nxd4 38. cxd4 Ra3 39. d5 Rd3 40. e6 fxe6 41. dxe6 Rd2 42. Kf2 Rxe2+ 43. Kxe2 g6 44. g4 Kg7 45. Be7 Nb6 46. f5 gxf5 47. gxf5 Nd5 48. Bd8 Kf8 49. f6 Ke8 50. f7+ Kf8 51. Kf3 Nxb4 52. Bxc7 1-0

[Event "Chigorin Memorial 2018"]
[Site "St. Petersburg"]
[Date "2018.10.30"]
[Round "4.51"]
[White "Mohite, Ranveer"]
[Black "Baltabaev, Temirlan"]
[Result "1-0"]
[WhiteElo "2091"]
[BlackElo "2332"]
[PlyCount "43"]
[EventDate "2018.10.27"]
[EventType "swiss"]
[EventCountry "RUS"]
[WhiteTeam "Indien"]
[BlackTeam "Russland"]
[WhiteTeamCountry "IND"]
[BlackTeamCountry "RUS"]

1. e4 e5 2. Nf3 Nc6 3. Bb5 a6 4. Ba4 Nf6 5. O-O b5 6. Bb3 Bc5 7. c3 d6 8. d4 Bb6 9. a4 Bb7 10. Re1 h6 11. Be3 Ng4 12. Bc1 O-O 13. h3 Nf6 14. Be3 exd4 15. cxd4 Nxe4 16. d5 Ba5 17. dxc6 Bxc6 18. Nbd2 Qf6 19. Bd4 Qf4 20. Be3 Qf6 21. Qc2 Nc5 22. Bd4 1-0

[Event "Chigorin Memorial 2018"]
[Site "St. Petersburg"]
[Date "2018.10.30"]
[Round "4.52"]
[White "Khadzhiev, Valery"]
[Black "Suleymenov, Alisher"]
[Result "0-1"]
[WhiteElo "2087"]
[BlackElo "2331"]
[PlyCount "70"]
[EventDate "2018.10.27"]
[EventType "swiss"]
[EventCountry "RUS"]
[WhiteTeam "Russland"]
[BlackTeam "Kasachstan"]
[WhiteTeamCountry "RUS"]
[BlackTeamCountry "KAZ"]

1. d4 Nf6 2. Nf3 g6 3. e3 Bg7 4. Be2 O-O 5. O-O c5 6. Nbd2 b6 7. Ne5 Bb7 8. Bf3 d5 9. dxc5 bxc5 10. c4 Nbd7 11. Nxd7 Qxd7 12. Qc2 Rac8 13. Rb1 Rfd8 14. b3 d4 15. exd4 cxd4 16. Bxb7 Qxb7 17. Qd3 e5 18. Re1 Re8 19. f3 Qa6 20. a3 Nd5 21. Bb2 Nf4 22. Qf1 f5 23. g3 Ne6 24. b4 Bh6 25. Qe2 Be3+ 26. Kg2 Qc6 27. Nf1 f4 28. c5 e4 29. Nxe3 fxe3 30. f4 Qd5 31. Kg1 Rcd8 32. Qg4 Ng7 33. h4 Qh5 34. Qe2 Qxe2 35. Rxe2 Nf5 0-1

[Event "Chigorin Memorial 2018"]
[Site "St. Petersburg"]
[Date "2018.10.30"]
[Round "4.53"]
[White "Yeritsyan, Aram"]
[Black "Tencati, Giuseppe"]
[Result "1/2-1/2"]
[WhiteElo "2325"]
[BlackElo "2095"]
[PlyCount "146"]
[EventDate "2018.10.27"]
[EventType "swiss"]
[EventCountry "RUS"]
[WhiteTeam "Russland"]
[BlackTeam "Italien"]
[WhiteTeamCountry "RUS"]
[BlackTeamCountry "ITA"]

1. e4 e6 2. d4 d5 3. Nd2 Nf6 4. e5 Nfd7 5. Bd3 c5 6. c3 Nc6 7. Ne2 cxd4 8. cxd4 f6 9. exf6 Nxf6 10. Nf3 Bd6 11. O-O O-O 12. Bf4 Nh5 13. Bxd6 Qxd6 14. Rc1 Bd7 15. Bb5 Nb8 16. Nc3 a6 17. Bd3 Nf4 18. Bb1 Be8 19. Ne5 Nc6 20. g3 Nh5 21. Nxc6 Qxc6 22. Ne4 Qb6 23. Nc5 Nf6 24. Qb3 Qxb3 25. axb3 Bc6 26. Nxe6 Rf7 27. Nf4 Re7 28. Rfe1 Rae8 29. Rxe7 Rxe7 30. Bd3 Be8 31. Kf1 Kf7 32. Rc5 b6 33. Rc8 g5 34. Ne2 Ra7 35. f4 h6 36. f5 a5 37. Nc3 Re7 38. Rb8 Re3 39. Bc2 Bd7 40. Rxb6 Rf3+ 41. Ke2 g4 42. Rb7 Ke8 43. Rb8+ Ke7 44. Rh8 h5 45. Nd1 Bxf5 46. Bxf5 Rxf5 47. Ra8 h4 48. Ne3 Rh5 49. gxh4 Ke6 50. Ra6+ Kf7 51. Kf2 Rxh4 52. Kg2 g3 53. hxg3 Rxd4 54. Rxa5 Rd2+ 55. Kf3 Rxb2 56. Rb5 Ke6 57. g4 Ne4 58. Rxd5 Nd2+ 59. Kf4 Nxb3 60. Re5+ Kf7 61. Nf5 Rf2+ 62. Kg5 Nd2 63. Re7+ Kf8 64. Rd7 Nf3+ 65. Kf6 Ke8 66. Rh7 Rg2 67. Rh8+ Kd7 68. Rh7+ Ke8 69. Ng7+ Kd7 70. Nh5+ Kd6 71. Rg7 Ne5 72. Nf4 Rxg4 73. Rxg4 Nxg4+ 1/2-1/2

[Event "Chigorin Memorial 2018"]
[Site "St. Petersburg"]
[Date "2018.10.30"]
[Round "4.54"]
[White "Konaplev, Anton"]
[Black "Tahay, Romain"]
[Result "1-0"]
[WhiteElo "2320"]
[BlackElo "2089"]
[PlyCount "61"]
[EventDate "2018.10.27"]
[EventType "swiss"]
[EventCountry "RUS"]
[WhiteTeam "Russland"]
[BlackTeam "Frankreich"]
[WhiteTeamCountry "RUS"]
[BlackTeamCountry "FRA"]

1. d4 Nf6 2. c4 g6 3. Nc3 d5 4. e3 Bg7 5. Qb3 c6 6. Nf3 O-O 7. Be2 dxc4 8. Bxc4 b5 9. Be2 Be6 10. Qc2 h6 11. O-O Nbd7 12. e4 Rc8 13. h3 Nb6 14. Rd1 Qc7 15. Be3 Bc4 16. b3 Bxe2 17. Nxe2 Nfd7 18. Rac1 Qb8 19. a4 e5 20. a5 Na8 21. Nxe5 Nxe5 22. dxe5 Qxe5 23. Rd7 a6 24. Rcd1 c5 25. R7d5 Qc7 26. Rxc5 Qb7 27. Nf4 b4 28. Nd5 Rce8 29. Qc4 Re5 30. f3 Rb8 31. Bf4 1-0

[Event "Chigorin Memorial 2018"]
[Site "St. Petersburg"]
[Date "2018.10.30"]
[Round "4.55"]
[White "Tahay, Alexis"]
[Black "Lavrinovitsh, Denis"]
[Result "1-0"]
[WhiteElo "2312"]
[BlackElo "2078"]
[PlyCount "49"]
[EventDate "2018.10.27"]
[EventType "swiss"]
[EventCountry "RUS"]
[WhiteTeam "Frankreich"]
[BlackTeam "Russland"]
[WhiteTeamCountry "FRA"]
[BlackTeamCountry "RUS"]

1. e4 e6 2. d4 d5 3. Nd2 Nf6 4. e5 Nfd7 5. Bd3 c5 6. c3 Nc6 7. Ngf3 Qb6 8. O-O cxd4 9. cxd4 Nxd4 10. Nxd4 Qxd4 11. Nf3 Qb6 12. a3 Be7 13. Qa4 O-O 14. Be3 Qd8 15. Rac1 b6 16. Qc2 g6 17. Bh6 Re8 18. Bb5 a6 19. Bc6 Rb8 20. Qd2 Bb7 21. Nd4 Bf8 22. Rc3 Bg7 23. Bg5 Qc7 24. Re1 Rbc8 25. Ba4 1-0